000 00571nam a2200181Ia 4500
005 20250508152945.0
008 008 250505s9999 xx 000 0 eng d
037 _aTextual
040 _aFEDL
_beng
_cFEDL
041 _aeng
_2eng
084 _a309.2, IND
_qFEDL
245 0 _aTowards a self reliant economy: India's third plan 1961-66
245 0 _cIndia, Government.... Ministry of Information and Broadcasting
260 _aDelhi, India
_bPublication Division
_c1961
300 _aii,320p
942 _cTEXL
_h309.2, IND
999 _c1339818
_d1339818